Các phương pháp gia công tiên tiến trên máy tiện vạn năng

में बचाया:
ग्रंथसूची विवरण
मुख्य लेखक: Phạm Quang Lê
स्वरूप: पुस्तक
भाषा:Undetermined
प्रकाशित: Hà Nội KHKT 1974
विषय:
टैग : टैग जोड़ें
कोई टैग नहीं, इस रिकॉर्ड को टैग करने वाले पहले व्यक्ति बनें!
Thư viện lưu trữ: Trung tâm Học liệu Trường Đại học Cần Thơ
LEADER 00501nam a2200169Ia 4500
001 CTU_46307
008 210402s9999 xx 000 0 und d
082 |a 621.942 
082 |b L250 
100 |a Phạm Quang Lê 
245 0 |a Các phương pháp gia công tiên tiến trên máy tiện vạn năng 
245 0 |c Phạm Quang Lê 
260 |a Hà Nội 
260 |b KHKT 
260 |c 1974 
650 |a metall-cutting 
980 |a Trung tâm Học liệu Trường Đại học Cần Thơ